000 00281nam a22001337a 4500
008 170609b xxu||||| |||| 00| 0 eng d
020 _a0671523759
041 _aeng
080 _a94(7/8)
100 _a17
101 _aSHH
245 _aPATRIOTS
_cLANGGUTH,A.J
942 _2udc
_cBK
999 _c16616
_d16616